Trud : roman /

Hlavní autor: Avdejenko, Aleksandr Ostapovič, 1908-1996
Jazyk: Ruština
Vydáno: Moskva : Profizdat, 1951
Fyzický popis: 613 stran, přílohy
Knihy
Uloženo v:
LEADER 00733nam a22002292i 4500
001 001474086
003 CZ BrMZK
005 20151029141951.0
007 ta
008 150604s1951 ru f er|||||||||||rus d
040 |a ABA004  |b cze  |c ABA004  |d ABA004  |d BOA001  |e rda 
100 1 |a Avdejenko, Aleksandr Ostapovič,  |d 1908-1996  |7 jn19990210069  |4 aut 
245 1 0 |a Trud :  |b roman /  |c A.O. Avdejenko 
264 1 |a Moskva :  |b Profizdat,  |c 1951 
300 |a 613 stran, přílohy 
336 |a text  |b txt  |2 rdacontent 
337 |a bez média  |b n  |2 rdamedia 
338 |a svazek  |b nc  |2 rdacarrier 
910 |a BOA001  |b 2-0288.191 
990 |a BK 
991 |b 201506 
996 7 |b 2618859854  |c 2-0288.191  |l MZK  |r Sklad / do 24 hodin  |n 0  |w 001509210  |u 000010  |a 1  |e BOA001  |j MZK50  |s A